[Event "Championnat de France Juniors"]
[Site "MONTBELIARD"]
[Date "2014.04.20"]
[Round "1.1"]
[White "Moussard, Jules"]
[Black "Da Silva, Quentin"]
[Result "1-0"]
[WhiteElo "2446"]
[BlackElo "1968"]
[PlyCount "86"]
[EventDate "2014.??.??"]

1. d4 Nf6 2. Nf3 g6 3. Bf4 Bg7 4. e3 d6 5. h3 O-O 6. Be2 c5 7. Nbd2 cxd4 8.
exd4 Nc6 9. c3 Rb8 10. O-O b5 11. a4 b4 12. c4 Nh5 13. Be3 f5 14. Nb3 f4 15.
Bc1 e5 16. d5 Na5 17. Nfd2 Nxb3 18. Nxb3 e4 19. Bxh5 gxh5 20. Re1 e3 21. Qxh5
Rf5 22. Qf3 exf2+ 23. Kxf2 Qh4+ 24. Kf1 Ba6 25. Na5 Rbf8 26. Bd2 Rg5 27. Bxb4
Rg3 28. Qe4 Bc8 29. Ra3 Bf5 30. Qe7 Qh5 31. Qxd6 Bxh3 32. gxh3 Qxh3+ 33. Ke2
Re8+ 34. Kd1 Rxe1+ 35. Bxe1 Qh5+ 36. Kc1 Rg6 37. Qe7 Bf8 38. Qe8 f3 39. Re3 Qf5
40. Nc6 Kg7 41. Ne7 Bxe7 42. Rxe7+ Kh6 43. Bd2+ Kh5 1-0

[Event "Championnat de France Juniors"]
[Site "MONTBELIARD"]
[Date "2014.04.20"]
[Round "1.2"]
[White "Viers, Emmanuel"]
[Black "Sochacki, Christophe"]
[Result "0-1"]
[WhiteElo "1935"]
[BlackElo "2442"]
[PlyCount "114"]
[EventDate "2014.??.??"]

1. e4 g6 2. d4 Nf6 3. e5 Nh5 4. Nf3 d6 5. Bc4 Nc6 6. exd6 cxd6 7. O-O Bg7 8. c3
O-O 9. Bg5 d5 10. Bb3 Nf6 11. Nbd2 Bf5 12. Re1 h6 13. Be3 Re8 14. Ba4 a6 15.
Ne5 Nxe5 16. dxe5 Nd7 17. f4 b5 18. Bb3 e6 19. Nf3 Qc7 20. Rc1 Rac8 21. Qe2 Bf8
22. Nd4 Be4 23. Bc2 Nc5 24. Nb3 Bxc2 25. Nxc5 Bf5 26. Nb3 Qc4 27. Qxc4 bxc4 28.
Nd4 Be4 29. Rcd1 Rc7 30. Bc1 Rb8 31. h4 Be7 32. g3 Kg7 33. Kf2 g5 34. Rg1 Kh7
35. hxg5 hxg5 36. Nf3 Kg6 37. Nd4 Rh8 38. Rdf1 Bd3 39. Rd1 Rcc8 40. Rh1 Be4 41.
Nf3 g4 42. Nh4+ Kg7 43. Rh2 Rb8 44. Re1 f6 45. exf6+ Bxf6 46. Re2 Rh7 47. Be3
Rc8 48. Rd2 Bd3 49. Kg2 e5 50. fxe5 Bxe5 51. Rf2 Be4+ 52. Kf1 Bxg3 53. Nf5+
Bxf5 54. Bd4+ Kg8 55. Rxh7 Bxh7 56. Rg2 Rf8+ 57. Kg1 Rf3 0-1

[Event "Championnat de France Juniors"]
[Site "MONTBELIARD"]
[Date "2014.04.20"]
[Round "1.3"]
[White "Barbot, Pierre"]
[Black "Roselle, Tristan"]
[Result "1-0"]
[WhiteElo "2405"]
[BlackElo "1878"]
[PlyCount "109"]
[EventDate "2014.??.??"]

1. e4 e5 2. Nc3 Bc5 3. Nf3 d6 4. Na4 Bb6 5. Nxb6 axb6 6. d4 exd4 7. Qxd4 Qf6 8.
Bg5 Qxd4 9. Nxd4 h6 10. Bh4 Ne7 11. Nb5 Na6 12. O-O-O Ng6 13. Bg3 O-O 14. a3
Re8 15. f3 Bd7 16. Nc3 Rad8 17. Be2 Nc5 18. Nd5 Rc8 19. Rhe1 Bc6 20. Nb4 Bd7
21. Bf1 Kf8 22. Nd5 Bc6 23. Nxc7 Rxc7 24. Bxd6+ Rce7 25. b4 Ne6 26. g3 Rd8 27.
Bxe7+ Kxe7 28. Rxd8 Kxd8 29. f4 Nc7 30. c4 Ke7 31. Kb2 Nf8 32. Bd3 h5 33. Kc3
g6 34. Bc2 b5 35. c5 b6 36. cxb6 Na8 37. a4 bxa4 38. Bxa4 Bb7 39. Bb3 Nxb6 40.
Kd4 Ne6+ 41. Bxe6 Kxe6 42. Rc1 f5 43. exf5+ gxf5 44. Rc7 Bf3 45. Rh7 Nd7 46. b5
Nf6 47. Ra7 Ne8 48. b6 Nd6 49. Rh7 Kf6 50. Ke3 Bh1 51. Rxh5 Kg6 52. Rg5+ Kf6
53. Rh5 Kg6 54. Rg5+ Kf6 55. Kd4 1-0

[Event "Championnat de France Juniors"]
[Site "MONTBELIARD"]
[Date "2014.04.20"]
[Round "1.4"]
[White "Selebran, Henri"]
[Black "Loiseau, Quentin"]
[Result "0-1"]
[WhiteElo "1859"]
[BlackElo "2388"]
[PlyCount "159"]
[EventDate "2014.??.??"]

1. e4 c5 2. c3 d5 3. exd5 Qxd5 4. d4 Nc6 5. Nf3 Bf5 6. Be3 O-O-O 7. Na3 cxd4 8.
Nxd4 Nxd4 9. Qxd4 Qxd4 10. Bxd4 a6 11. Nc4 Nf6 12. Bb6 Re8 13. Ne5 Be6 14. Rd1
Nd7 15. Nxd7 Bxd7 16. Bc4 e6 17. f3 Bc6 18. Kf2 Be7 19. Rd2 Bg5 20. Rd3 Bh4+
21. g3 Bd8 22. Bxd8 Rxd8 23. Rhd1 Rxd3 24. Rxd3 Kc7 25. Ke3 g5 26. Rd2 Re8 27.
f4 b5 28. Bb3 h6 29. Rf2 f5 30. a3 Bd7 31. Bc2 Kd6 32. Rd2+ Ke7 33. Bd1 Rc8 34.
Bb3 Bc6 35. Kd4 Kf6 36. Ke3 Ke7 37. Kd4 Rd8+ 38. Ke3 Re8 39. Rd1 Be4 40. Rd2
Rc8 41. Rd1 g4 42. Rd2 h5 43. Kd4 Rd8+ 44. Ke3 Rh8 45. Kd4 Kd6 46. c4 Rc8 47.
Rd1 Ke7 48. Rd2 Kf6 49. Ba2 Bc6 50. b4 bxc4 51. Bxc4 Bb5 52. Rc2 Ba4 53. Rc1
Rd8+ 54. Ke3 Rd6 55. Be2 Bb5 56. Bxb5 axb5 57. Rc5 Ra6 58. Rc3 Rd6 59. Rc5 Ra6
60. Rc3 Ke7 61. Kd4 Kd6 62. Re3 Ra8 63. Re5 Rxa3 64. Rxb5 Ra2 65. Rb6+ Ke7 66.
Rb7+ Kf6 67. b5 Rxh2 68. b6 Rb2 69. Rb8 Kg7 70. Rb7+ Kf6 71. Rb8 h4 72. gxh4 g3
73. Rg8 g2 74. h5 Rxb6 75. Rg6+ Kf7 76. Rxg2 Rb4+ 77. Ke3 Rb3+ 78. Kf2 Rh3 79.
Rg5 Kf6 80. Rg6+ 0-1

[Event "Championnat de France Juniors"]
[Site "MONTBELIARD"]
[Date "2014.04.20"]
[Round "1.5"]
[White "Ider, Borya"]
[Black "Sauviat, Thomas"]
[Result "1-0"]
[WhiteElo "2384"]
[BlackElo "1848"]
[PlyCount "99"]
[EventDate "2014.??.??"]

1. d4 d5 2. Nf3 Nf6 3. c4 e6 4. g3 Bb4+ 5. Bd2 a5 6. Qc2 O-O 7. Bg2 dxc4 8.
Qxc4 Nc6 9. O-O Qd5 10. Qxd5 exd5 11. Bf4 Bg4 12. e3 Rac8 13. Ne5 Be6 14. Nxc6
bxc6 15. Rc1 Bd7 16. a3 Bd6 17. Nc3 Rb8 18. Na4 Ne4 19. Rc2 f5 20. f3 Bxf4 21.
gxf4 Nd6 22. Nc5 Rfd8 23. Bf1 Rb6 24. Rac1 Be8 25. Bd3 Rdb8 26. b3 Kf7 27. Kf2
g6 28. Rc3 Nb5 29. Bxb5 Rxb5 30. Ke2 Ke7 31. Kd2 Kd6 32. h4 R5b6 33. Rg1 Bd7
34. h5 Rg8 35. Nd3 Rbb8 36. h6 Rb5 37. Ne5 Rgb8 38. Kc2 c5 39. dxc5+ Ke7 40.
Rd1 c6 41. e4 Rc8 42. exd5 cxd5 43. Nxd7 Kxd7 44. Rxd5+ Ke6 45. Re5+ Kf6 46.
Kd3 g5 47. Kc4 gxf4 48. Rxf5+ Kxf5 49. Kxb5 Ke5 50. Rd3 1-0

[Event "Championnat de France Juniors"]
[Site "MONTBELIARD"]
[Date "2014.04.21"]
[Round "2.1"]
[White "Chauvet, Vincent"]
[Black "Moussard, Jules"]
[Result "0-1"]
[WhiteElo "2119"]
[BlackElo "2446"]
[PlyCount "82"]
[EventDate "2014.??.??"]

1. d4 e6 2. c4 b6 3. e4 Bb7 4. Bd3 f5 5. Nc3 Bb4 6. f3 fxe4 7. fxe4 Bxc3+ 8.
bxc3 Qh4+ 9. g3 Qe7 10. Nf3 Nc6 11. O-O e5 12. c5 Nf6 13. Ba3 bxc5 14. Rb1 Rb8
15. Bxc5 d6 16. d5 Nd8 17. Bxa7 Ra8 18. Be3 O-O 19. Rb2 Ra3 20. c4 Nxe4 21.
Bxe4 Rxe3 22. Re2 Rxe2 23. Qxe2 Ba6 24. h4 g6 25. Ng5 Rxf1+ 26. Qxf1 Kg7 27.
Kg2 h6 28. Nf3 Nb7 29. Qb1 Nc5 30. h5 gxh5 31. Nh4 Qg5 32. Bf3 Qd2+ 33. Kh1 e4
34. Qa1+ Kg8 35. Qf6 Qg5 36. Qb2 exf3 37. Qb8+ Kh7 38. Qxc7+ Qg7 39. Qxd6 f2
40. Qf4 Qa1+ 41. Kg2 Qg1+ 0-1

[Event "Championnat de France Juniors"]
[Site "MONTBELIARD"]
[Date "2014.04.21"]
[Round "2.2"]
[White "Sochacki, Christophe"]
[Black "Schmit, Vincent"]
[Result "1-0"]
[WhiteElo "2442"]
[BlackElo "2105"]
[PlyCount "79"]
[EventDate "2014.??.??"]

1. e4 e5 2. Nf3 Nc6 3. d4 exd4 4. Nxd4 Nf6 5. Nc3 Bc5 6. Nxc6 bxc6 7. Bd3 d5 8.
Qf3 Ng4 9. O-O d4 10. Ne2 O-O 11. Qg3 Rb8 12. h3 Bd6 13. Bf4 Bxf4 14. Qxf4 Nh6
15. b3 c5 16. Qg3 Rb6 17. Nf4 Ba6 18. Nd5 Bxd3 19. cxd3 Rc6 20. Rac1 f5 21. f3
Rf7 22. Qe5 Qd7 23. Qg3 Rg6 24. Qh4 Rc6 25. Rc2 Kh8 26. Rfc1 fxe4 27. fxe4 Nf5
28. Qe1 Ne3 29. Nxe3 dxe3 30. Qxe3 Rd6 31. Rd1 Rg6 32. Rxc5 Qe7 33. Rdc1 Qd6
34. e5 Qb6 35. d4 Qb7 36. d5 Ra6 37. R1c2 h6 38. e6 Re7 39. Qf4 Re8 40. Qf7 1-0

[Event "Championnat de France Juniors"]
[Site "MONTBELIARD"]
[Date "2014.04.21"]
[Round "2.3"]
[White "Degardin, Sylvain"]
[Black "Barbot, Pierre"]
[Result "0-1"]
[WhiteElo "2107"]
[BlackElo "2405"]
[PlyCount "60"]
[EventDate "2014.??.??"]

1. c4 c5 2. Nc3 g6 3. Nf3 Bg7 4. g3 Nc6 5. Bg2 e6 6. O-O Nge7 7. d4 Nxd4 8.
Nxd4 cxd4 9. Nb5 O-O 10. Nxd4 d5 11. cxd5 Nxd5 12. Nc2 Bd7 13. Ne3 Bc6 14. Qb3
Qe7 15. Nc4 a5 16. a4 Qb4 17. Qc2 Rfc8 18. Bd2 Qc5 19. Rfc1 Nb4 20. Qb3 Bxg2
21. Bxb4 axb4 22. Kxg2 Qd5+ 23. e4 Qxe4+ 24. Kg1 b5 25. Nb6 Rxc1+ 26. Rxc1 bxa4
27. Nxa4 Bd4 28. Qd1 Rd8 29. Qf1 Qf3 30. Nc5 Bxc5 0-1

[Event "Championnat de France Juniors"]
[Site "MONTBELIARD"]
[Date "2014.04.21"]
[Round "2.4"]
[White "Ringuet, Noe"]
[Black "Ider, Borya"]
[Result "0-1"]
[WhiteElo "2095"]
[BlackElo "2384"]
[PlyCount "70"]
[EventDate "2014.??.??"]

1. e4 e6 2. d4 d5 3. Nd2 h6 4. Bd3 c5 5. dxc5 Bxc5 6. Qe2 Nf6 7. Ngf3 Nc6 8. a3
O-O 9. O-O Qc7 10. e5 Ng4 11. Nb3 Bb6 12. Bf4 f6 13. Bg3 Ngxe5 14. Nxe5 Nxe5
15. Rae1 Qf7 16. Bxe5 fxe5 17. Qxe5 Bxf2+ 18. Kh1 Qe7 19. Rd1 Bd7 20. Qc7 Bb6
21. Qxb7 Qd6 22. Qa6 Qe5 23. Nd2 Rab8 24. b3 Bc7 25. g3 Bb6 26. Nf3 Qc3 27. Nh4
Rxf1+ 28. Rxf1 Rf8 29. Bh7+ Kxh7 30. Rxf8 Qxc2 31. Qf1 d4 32. Rf2 Bc6+ 33. Ng2
Qxb3 34. Qe1 d3 35. Rd2 Ba5 0-1

[Event "Championnat de France Juniors"]
[Site "MONTBELIARD"]
[Date "2014.04.21"]
[Round "2.5"]
[White "Grassitelli, Theo"]
[Black "Aubry, Yannis"]
[Result "0-1"]
[WhiteElo "1309"]
[BlackElo "2218"]
[PlyCount "58"]
[EventDate "2014.??.??"]

1. e4 d5 2. exd5 Qxd5 3. Nc3 Qd6 4. d4 Nf6 5. Nf3 a6 6. Bd3 Bg4 7. Be3 Nc6 8.
Be2 O-O-O 9. d5 Nxd5 10. Nxd5 Qxd5 11. Qxd5 Rxd5 12. h3 Bh5 13. O-O e6 14. Rfe1
Be7 15. c3 Bf6 16. Nd2 Bxe2 17. Rxe2 Rhd8 18. Nf3 a5 19. Rb1 a4 20. c4 Rd1+ 21.
Re1 Rxe1+ 22. Nxe1 Nb4 23. a3 Nd3 24. Nxd3 Rxd3 25. Kf1 Rb3 26. Bc1 Kd7 27. Ke2
Kc6 28. Kd1 Rd3+ 29. Bd2 Bg5 0-1

[Event "Championnat de France Juniors"]
[Site "MONTBELIARD"]
[Date "2014.04.21"]
[Round "3.1"]
[White "Moussard, Jules"]
[Black "Ider, Borya"]
[Result "0-1"]
[WhiteElo "2446"]
[BlackElo "2384"]
[PlyCount "56"]
[EventDate "2014.??.??"]

1. a3 d5 2. Nf3 Nf6 3. c4 e6 4. e3 Nbd7 5. b3 Bd6 6. Bb2 c6 7. d4 Ne4 8. Bd3 f5
9. Nbd2 O-O 10. Qc2 Qf6 11. Rf1 a5 12. O-O-O Qe7 13. c5 Bc7 14. Kb1 Rb8 15. Ne1
b6 16. cxb6 Rxb6 17. g4 Ba6 18. Bxa6 Rxa6 19. Nxe4 fxe4 20. f3 Rb6 21. Ka2 Bd6
22. Rf2 Rfb8 23. fxe4 dxe4 24. Qxe4 Rxb3 25. Rd3 R3b6 26. g5 Nf8 27. Qg2 e5 28.
Qe4 Qf7+ 0-1

[Event "Championnat de France Juniors"]
[Site "MONTBELIARD"]
[Date "2014.04.21"]
[Round "3.2"]
[White "Aubry, Yannis"]
[Black "Sochacki, Christophe"]
[Result "0-1"]
[WhiteElo "2218"]
[BlackElo "2442"]
[PlyCount "44"]
[EventDate "2014.??.??"]

1. c4 c5 2. Nc3 Nf6 3. g3 d5 4. cxd5 Nxd5 5. Bg2 Nc7 6. d3 e5 7. Nf3 Nc6 8. O-O
Bd7 9. Nd2 b5 10. a4 a6 11. axb5 axb5 12. Rxa8 Qxa8 13. Qb3 Qa5 14. Bxc6 Bxc6
15. Nc4 bxc4 16. Qb8+ Kd7 17. dxc4 Qa8 18. Rd1+ Bd6 19. Qxa8 Rxa8 20. b4 cxb4
21. c5 bxc3 22. Rxd6+ Kc8 0-1

[Event "Championnat de France Juniors"]
[Site "MONTBELIARD"]
[Date "2014.04.21"]
[Round "3.3"]
[White "Barbot, Pierre"]
[Black "Eden, James"]
[Result "1-0"]
[WhiteElo "2405"]
[BlackElo "2196"]
[PlyCount "43"]
[EventDate "2014.??.??"]

1. d4 Nf6 2. c4 g6 3. Nc3 Bg7 4. e4 d6 5. Bd3 O-O 6. Nge2 c5 7. d5 e6 8. Bg5 h6
9. Bh4 g5 10. Bg3 exd5 11. exd5 Ng4 12. O-O f5 13. h3 Ne5 14. f4 Nxd3 15. Qxd3
Qf6 16. Nb5 a6 17. fxg5 hxg5 18. Nxd6 f4 19. Nxc8 Nd7 20. Nxf4 Qd4+ 21. Bf2
Qxd3 22. Ne7+ 1-0

[Event "Championnat de France Juniors"]
[Site "MONTBELIARD"]
[Date "2014.04.21"]
[Round "3.4"]
[White "Ollier, Milan"]
[Black "Loiseau, Quentin"]
[Result "1-0"]
[WhiteElo "2237"]
[BlackElo "2388"]
[PlyCount "81"]
[EventDate "2014.??.??"]

1. e4 c6 2. Nf3 d5 3. Nc3 Bg4 4. h3 Bxf3 5. Qxf3 e6 6. d4 dxe4 7. Nxe4 Qxd4 8.
c3 Qb6 9. Bd3 Nd7 10. Bf4 Nc5 11. Nxc5 Qxc5 12. O-O Nf6 13. b4 Qxc3 14. b5 Nd5
15. bxc6 bxc6 16. Rfe1 Qf6 17. Bb5 Kd7 18. Bxc6+ Kxc6 19. Rac1+ Kd7 20. Qb3 Bb4
21. Be5 Qd8 22. Red1 Ke8 23. Rc7 Bd6 24. Qb5+ Kf8 25. Bxd6+ Qxd6 26. Qb7 Qxc7
27. Qxa8+ Ke7 28. Qxh8 Qc2 29. Rf1 Kf6 30. Qd8+ Kg6 31. Qa5 Qe4 32. Qe1 Qa4 33.
Qe2 h5 34. Re1 Kh6 35. Qf3 Nf6 36. a3 a6 37. Rc1 e5 38. Rc8 h4 39. Qf5 Nh7 40.
Rh8 g6 41. Qxf7 1-0

[Event "Championnat de France Juniors"]
[Site "MONTBELIARD"]
[Date "2014.04.21"]
[Round "3.5"]
[White "Viers, Emmanuel"]
[Black "Chauvet, Vincent"]
[Result "1-0"]
[WhiteElo "1935"]
[BlackElo "2119"]
[PlyCount "83"]
[EventDate "2014.??.??"]

1. e4 e5 2. Nf3 Nc6 3. Bc4 Nf6 4. O-O Nxe4 5. d4 exd4 6. Nxd4 d5 7. Nxc6 bxc6
8. Re1 Bc5 9. Qf3 O-O 10. Be3 Bxe3 11. Qxe3 Qf6 12. c3 Bd7 13. Bb3 a5 14. Nd2
Nxd2 15. Qxd2 a4 16. Bc2 Rfd8 17. Re3 Be6 18. Rf3 Qh4 19. Rd1 a3 20. Rf4 Qe7
21. b3 c5 22. g3 g6 23. Re1 d4 24. cxd4 cxd4 25. Rxd4 Rxd4 26. Qxd4 Rd8 27. Qe3
Qb4 28. Re2 Qd4 29. Qc1 Bh3 30. Qe1 Kg7 31. b4 Rd6 32. Bb3 Rd7 33. Re4 Qf6 34.
f4 Qb2 35. Re2 Qd4+ 36. Qf2 Qxb4 37. Qe3 f6 38. Kf2 Bg4 39. Rc2 Re7 40. Rc4 Qd6
41. Re4 Rxe4 42. Qxe4 1-0

[Event "Championnat de France Juniors"]
[Site "MONTBELIARD"]
[Date "2014.04.22"]
[Round "4.2"]
[White "Ider, Borya"]
[Black "Ollier, Milan"]
[Result "1-0"]
[WhiteElo "2384"]
[BlackElo "2237"]
[PlyCount "177"]
[EventDate "2014.??.??"]

1. d4 Nf6 2. c4 g6 3. Nc3 d5 4. cxd5 Nxd5 5. Bd2 Bg7 6. e4 Nb6 7. Be3 O-O 8. h3
f5 9. exf5 Bxf5 10. Qb3+ Kh8 11. Nf3 Nc6 12. d5 Ne5 13. Nxe5 Bxe5 14. g4 Bd7
15. Bg2 c6 16. Bh6 cxd5 17. O-O e6 18. Bxf8 Qxf8 19. Ne2 Ba4 20. Qd3 Rc8 21.
Rac1 Bxb2 22. Rxc8 Qxc8 23. Re1 Bc2 24. Qe3 e5 25. Qg5 Qf8 26. Qd2 Qc5 27. Qg5
Qb4 28. Kf1 Kg7 29. Qd8 Nc4 30. Bxd5 Nd2+ 31. Kg1 Nf3+ 32. Bxf3 Qxe1+ 33. Kg2
e4 34. Qe7+ Kg8 35. Bxe4 Bxe4+ 36. Qxe4 Bf6 37. Qd5+ Kf8 38. Qf3 Kg7 39. Qxb7+
Kh6 40. Ng3 Qe7 41. Qc6 Kg7 42. Ne4 Bd4 43. Qd5 Qe5 44. Qb7+ Kh8 45. g5 Bb6 46.
Qc8+ Kg7 47. Qd7+ Kh8 48. Qd3 Kg7 49. Qd7+ Kh8 50. Qd3 Kg7 51. h4 Qd4 52. Qc2
Qd5 53. Qc3+ Qd4 54. Qc2 Qd5 55. f3 Qd4 56. Qc1 Qe3 57. Qf1 h6 58. Qb1 Qd4 59.
Qc1 Qe3 60. Qb1 Qd4 61. Qf1 Qe3 62. Kh3 Bd4 63. Qd1 Qg1 64. gxh6+ Kxh6 65. Qc2
Qf1+ 66. Kg4 Be5 67. Qd2+ Kg7 68. f4 Qg1+ 69. Ng3 Qd4 70. Qxd4 Bxd4 71. h5
gxh5+ 72. Nxh5+ Kf7 73. f5 Be5 74. Kf3 Bc7 75. Ke4 Bh2 76. a4 a5 77. Kd5 Bb8
78. Kc6 Be5 79. Kb5 Bc7 80. Kc6 Be5 81. Kb6 Kg8 82. f6 Kf7 83. Kxa5 Kg6 84. Kb5
Bd6 85. a5 Bh2 86. a6 Bg1 87. Nf4+ Kxf6 88. Nd5+ Ke6 89. Nb6 1-0

[Event "Championnat de France Juniors"]
[Site "MONTBELIARD"]
[Date "2014.04.22"]
[Round "4.3"]
[White "Ringuet, Noe"]
[Black "Moussard, Jules"]
[Result "0-1"]
[WhiteElo "2095"]
[BlackElo "2446"]
[PlyCount "78"]
[EventDate "2014.??.??"]

1. b3 Nf6 2. Bb2 e6 3. Nf3 Be7 4. e3 O-O 5. Be2 a5 6. c4 a4 7. bxa4 d6 8. Nc3
Nbd7 9. O-O Nb6 10. Rb1 Bd7 11. Ba1 Ra7 12. Nb5 Rxa4 13. Qb3 Bxb5 14. cxb5 Qa8
15. Rfc1 Nfd5 16. Bd4 Rxa2 17. Ra1 Rxa1 18. Rxa1 Qb8 19. e4 Nf6 20. d3 Nfd7 21.
Ra5 Rc8 22. Nd2 Bf6 23. Be3 d5 24. exd5 exd5 25. Bg4 Rd8 26. Nf3 d4 27. Bf4 Nc5
28. Qa3 Nd5 29. Bg3 b6 30. Ra7 Nxd3 31. Ra4 Nc3 32. Rc4 Ne2+ 33. Kf1 Nxg3+ 34.
hxg3 Nc5 35. Nd2 d3 36. Qb4 Qa7 37. Kg1 Qa1+ 38. Kh2 g6 39. Rf4 Rd4 0-1

[Event "Championnat de France Juniors"]
[Site "MONTBELIARD"]
[Date "2014.04.22"]
[Round "4.4"]
[White "Aflalo, Sophie"]
[Black "Aubry, Yannis"]
[Result "1/2-1/2"]
[WhiteElo "2070"]
[BlackElo "2218"]
[PlyCount "123"]
[EventDate "2014.??.??"]

1. e4 e6 2. d4 d5 3. Nd2 Nf6 4. e5 Nfd7 5. f4 c5 6. c3 Nc6 7. Ngf3 Qb6 8. Nb3
a5 9. a4 cxd4 10. Nfxd4 Nxd4 11. cxd4 Bb4+ 12. Kf2 f6 13. Be3 O-O 14. g3 Nb8
15. Qd3 Bd7 16. Be2 Be7 17. Nd2 Nc6 18. Nf3 Be8 19. Rhc1 Nb4 20. Qc3 Bc6 21.
exf6 Bxf6 22. Ne5 Rad8 23. Kg1 Rfe8 24. Bf2 Re7 25. Qc5 Qxc5 26. Rxc5 Ra8 27.
Be1 b6 28. Rcc1 Be8 29. Kg2 Rb8 30. Bxb4 axb4 31. Bb5 Ra7 32. Bxe8 Rxe8 33. Rc6
Bxe5 34. fxe5 Rea8 35. Rxb6 Rxa4 36. Rxa4 Rxa4 37. Kf3 Kf7 38. h3 g5 39. b3 Ra1
40. Rxb4 Rd1 41. h4 gxh4 42. gxh4 Kg6 43. Ke3 h5 44. Rb8 Re1+ 45. Kd3 Rd1+ 46.
Ke3 Re1+ 47. Kd3 Rd1+ 48. Kc3 Rc1+ 49. Kb4 Kf5 50. Re8 Rh1 51. Kc5 Rxh4 52. b4
Rh1 53. b5 Rc1+ 54. Kd6 Rb1 55. Kc6 Ke4 56. b6 Kxd4 57. Rxe6 h4 58. Rh6 Kxe5
59. Rh5+ Ke4 60. Rxh4+ Ke3 61. Kc5 d4 62. Rxd4 1/2-1/2

[Event "Championnat de France Juniors"]
[Site "MONTBELIARD"]
[Date "2014.04.22"]
[Round "4.5"]
[White "Eden, James"]
[Black "Viers, Emmanuel"]
[Result "0-1"]
[WhiteElo "2196"]
[BlackElo "1935"]
[PlyCount "125"]
[EventDate "2014.??.??"]

1. e4 c5 2. Nf3 g6 3. Nc3 Bg7 4. h3 d6 5. Bb5+ Bd7 6. Bxd7+ Qxd7 7. O-O Nc6 8.
d3 Nf6 9. Re1 O-O 10. Bf4 b5 11. Rb1 b4 12. Nd5 Nxd5 13. exd5 Nd4 14. Nxd4 Bxd4
15. Qg4 Qa4 16. Bh6 Qxc2 17. Qe2 Qxe2 18. Rxe2 Rfe8 19. Rbe1 Bf6 20. g4 a5 21.
Bf4 Rad8 22. g5 Bd4 23. Rxe7 Rxe7 24. Rxe7 Bxb2 25. Ra7 Bc3 26. Ra6 Be5 27. Be3
Rb8 28. f4 Bd4 29. Kf2 b3 30. axb3 Rxb3 31. Bxd4 cxd4 32. Ke2 Rb5 33. Rxd6 Kf8
34. Kf3 Ke7 35. Ra6 Rxd5 36. Ke4 Rf5 37. Kxd4 Rxf4+ 38. Kd5 Rf5+ 39. Kc6 Rxg5
40. d4 Rh5 41. d5 Rxh3 42. Ra7+ Kf6 43. d6 Rc3+ 44. Kd7 Rd3 45. Ra6 h5 46. Ke8
Re3+ 47. Kf8 Ke6 48. Ke8 Kf6+ 49. Kf8 Rd3 50. d7+ Kg5 51. Ke7 Rxd7+ 52. Kxd7 h4
53. Ke7 f5 54. Kf7 f4 55. Rxa5+ Kg4 56. Kxg6 h3 57. Rg5+ Kf3 58. Kf5 h2 59. Rh5
Kg2 60. Rg5+ Kf2 61. Rh5 Kg2 62. Rxh2+ Kxh2 63. Kxf4 0-1

[Event "Championnat de France Juniors"]
[Site "MONTBELIARD"]
[Date "2014.04.23"]
[Round "5.1"]
[White "Ider, Borya"]
[Black "Sochacki, Christophe"]
[Result "0-1"]
[WhiteElo "2384"]
[BlackElo "2442"]
[PlyCount "90"]
[EventDate "2014.??.??"]

1. d4 Nf6 2. Nf3 e6 3. c4 d5 4. g3 Be7 5. Bg2 O-O 6. O-O dxc4 7. Qc2 a6 8. a4
Bd7 9. Nc3 Nc6 10. Rd1 Nd5 11. h4 Ndb4 12. Qb1 Na5 13. Ng5 g6 14. Nge4 Nb3 15.
Ra3 Bc6 16. Bg5 f5 17. Nc5 Nxc5 18. dxc5 Qe8 19. Bxc6 Nxc6 20. Be3 Na5 21. Qc2
Qc6 22. Na2 Rad8 23. Rf1 b6 24. Nb4 Qb7 25. Bh6 Rf7 26. Rd1 bxc5 27. Rxd8+ Bxd8
28. Na2 Bf6 29. Re3 Qxb2 30. Rxe6 Rd7 31. Qxb2 Bxb2 32. Rxa6 Nb3 33. a5 Rd1+
34. Kg2 Ra1 35. Ra8+ Kf7 36. a6 Rxa2 37. Bf4 c3 38. Rb8 Nd4 39. Rh8 Nxe2 40.
Be3 Rxa6 41. Rxh7+ Ke6 42. Rxc7 Kd6 43. Rxc5 Bc1 44. Rc8 Bxe3 45. fxe3 Rc6 0-1

[Event "Championnat de France Juniors"]
[Site "MONTBELIARD"]
[Date "2014.04.23"]
[Round "5.2"]
[White "Moussard, Jules"]
[Black "Barbot, Pierre"]
[Result "0-1"]
[WhiteElo "2446"]
[BlackElo "2405"]
[PlyCount "102"]
[EventDate "2014.??.??"]

1. g3 c5 2. c4 g6 3. Bg2 Bg7 4. e4 Nc6 5. Ne2 Nf6 6. O-O O-O 7. Nbc3 Ne8 8. f4
d6 9. d3 Nc7 10. f5 Rb8 11. Bg5 b5 12. Qd2 Ne5 13. cxb5 a6 14. a4 axb5 15. axb5
Nxb5 16. h3 Nd4 17. Ra7 Nxe2+ 18. Qxe2 Nc6 19. Ra2 h6 20. Be3 Kh7 21. g4 Nb4
22. Ra3 Ba6 23. Nd1 Qc8 24. Qd2 Rb6 25. g5 hxg5 26. Bxg5 Nc6 27. Qf4 Kg8 28.
Qh4 Qe8 29. Ne3 f6 30. Nd5 fxg5 31. Qxg5 Bf6 32. Qh6 Bg7 33. Qg5 Bf6 34. Qg3
Be5 35. Qg4 Bxb2 36. fxg6 Bd4+ 37. Kh2 Rxf1 38. Bxf1 Rb2+ 39. Bg2 Be5+ 40. Kg1
Bd4+ 41. Kh2 Be5+ 42. Kg1 Rb1+ 43. Kf2 Qf8+ 44. Qf5 Ra1 45. Rb3 Bc8 46. Qxf8+
Kxf8 47. Rb6 Ra6 48. Rb1 Ra2+ 49. Kf1 Ba6 50. Rb6 Bxd3+ 51. Kg1 Bd4+ 0-1

[Event "Championnat de France Juniors"]
[Site "MONTBELIARD"]
[Date "2014.04.23"]
[Round "5.3"]
[White "Degardin, Sylvain"]
[Black "Loiseau, Quentin"]
[Result "1-0"]
[WhiteElo "2107"]
[BlackElo "2388"]
[PlyCount "111"]
[EventDate "2014.??.??"]

1. e4 c5 2. Nf3 d6 3. d4 cxd4 4. Nxd4 Nf6 5. Nc3 Nc6 6. Bg5 Bd7 7. Qd2 Rc8 8.
O-O-O Nxd4 9. Qxd4 Qa5 10. Bd2 a6 11. Kb1 Qc5 12. Qxc5 Rxc5 13. f3 e6 14. Be3
Rc8 15. Bf4 Rc6 16. Be2 Be7 17. Rd2 b5 18. Rhd1 b4 19. Na4 e5 20. Be3 Bd8 21.
c4 Bc7 22. c5 dxc5 23. Bxc5 Ba5 24. b3 h5 25. Bd6 Be6 26. Nc5 Bc8 27. Rc2 Nd7
28. Nxd7 Bxd7 29. Rd5 Rxc2 30. Kxc2 Bb6 31. Bxa6 Rh6 32. Rxe5+ Kd8 33. Bxb4 Rg6
34. g3 h4 35. g4 Rc6+ 36. Bc4 f6 37. Rd5 Kc7 38. Kd3 Bg1 39. h3 Be6 40. Rh5
Bxc4+ 41. bxc4 g5 42. Rh6 Bh2 43. c5 Ra6 44. a3 Be5 45. Kc4 Kc6 46. Rh7 Ra8 47.
Re7 Ra4 48. Re6+ Kd7 49. Rb6 Kc7 50. Kb5 Ra8 51. c6 Rd8 52. Rb7+ Kc8 53. Rd7
Re8 54. a4 Bf4 55. a5 Re5+ 56. Rd5 1-0

[Event "Championnat de France Juniors"]
[Site "MONTBELIARD"]
[Date "2014.04.23"]
[Round "5.4"]
[White "Ollier, Milan"]
[Black "Aflalo, Sophie"]
[Result "0-1"]
[WhiteElo "2237"]
[BlackElo "2070"]
[PlyCount "79"]
[EventDate "2014.??.??"]

1. e4 c5 2. Nf3 Nc6 3. Bb5 Nf6 4. Nc3 g6 5. Bxc6 dxc6 6. h3 Bg7 7. d3 Nd7 8.
Be3 e5 9. Qd2 h6 10. a3 Qe7 11. O-O b6 12. b3 Ba6 13. b4 O-O-O 14. bxc5 Nxc5
15. Bxc5 Qxc5 16. Rfb1 Qd6 17. Na4 Kd7 18. Qc3 Rhe8 19. Nb2 Ke7 20. Nc4 Bxc4
21. Qxc4 Kf8 22. Rb3 Kg8 23. Rc3 Re6 24. a4 Bf8 25. Qa6 Rd7 26. Rb1 Rf6 27.
Rbb3 Qe6 28. Kh2 Be7 29. Rc4 Kg7 30. Rbc3 Rd6 31. Qb7 c5 32. Qxa7 Rxf3 33. gxf3
Qf6 34. Kg2 Qg5+ 35. Kf1 Qc1+ 36. Ke2 Bg5 37. f4 Qxf4 38. d4 Rf6 39. f3 Qh2+
40. Kf1 0-1

[Event "Championnat de France Juniors"]
[Site "MONTBELIARD"]
[Date "2014.04.23"]
[Round "5.5"]
[White "Aubry, Yannis"]
[Black "Da Silva, Quentin"]
[Result "1-0"]
[WhiteElo "2218"]
[BlackElo "1968"]
[PlyCount "85"]
[EventDate "2014.??.??"]

1. c4 Nf6 2. Nc3 g6 3. g3 Bg7 4. Bg2 d6 5. e4 e5 6. Nge2 c6 7. O-O O-O 8. d3
Be6 9. f4 exf4 10. Nxf4 Na6 11. Kh1 Nc7 12. Be3 d5 13. cxd5 cxd5 14. e5 Nd7 15.
d4 Nb6 16. b3 Qd7 17. a4 Nc8 18. Bc1 Ne7 19. Ba3 Rfd8 20. Bd6 Nf5 21. Bxc7 Qxc7
22. Ncxd5 Bxd5 23. Nxd5 Qd7 24. Qd2 Rac8 25. Rae1 Qe6 26. Nf4 Qxb3 27. d5 Qxa4
28. d6 Rc5 29. Bd5 Qa5 30. Qg2 g5 31. Bxf7+ Kxf7 32. Qxb7+ Kg8 33. Nd3 Rb5 34.
Qe4 Nh6 35. e6 Nf5 36. e7 Re8 37. Qc4+ Kh8 38. d7 Rbb8 39. dxe8=Q+ Rxe8 40. Qc6
Nxe7 41. Qxe8+ Ng8 42. Ne5 Qd5+ 43. Kg1 1-0